00515cam a2200133 4500082002600000100003200026245010900058260004000167300004000207500003500247500005100282526003700333650001100370 a297.63bBAHcL-31,p851 aAhmed Khan bahador, Sayyid,12aA series of essays on the life of Muhammad and subjects subsidiary thereto,cby Syed Ahmed Khan Bahador. aLahore,bPremier Book House,c1968. axv, 394 p.bgeneal. tables.c22 cm. aIncludes quotations in Arabic. aRunning title: Essays on the life of Muhammad. a0b0c0d297_630000000000000_BAH 0aIslam.